000 01070nam0a2200289 4500
001 RU\NLR\b_ik\104036
005 20260408193331.0
021 _aRU
_b2003-26747
_91040
035 _a(NLR Aleph) 002177889
090 _a2742883
_c2742883
100 _a20031209d2003 |||y0rusy50 ca
101 0 _aeng
102 _aRU
105 _ay |||||||||
200 1 _aProceedings of the Fifth International conference "Hypoxia in medicine", 26-28 Sept. 2003, Innsbruck, Austria
210 _aMoscow
_cS.n.
_d2003
215 _a56 c.
_d29
225 1 _aHypoxia medical journal
_x1027-2569
_vN 3
320 _aУказ. в конце кн.
541 0 _aКислородное голодание
_zrus
606 _aКислородное голодание
_jСъезды, совещания и т.п.
_3RU\NLR\AUTH\661327476
_92209732
686 4 _aР252.725я431(0)
710 1 2 _8eng
_a"Hypoxia in medicine", international conference
_d5
_f2003
_eInnsbruck
_7ba
_3RU\NLR\AUTH\8810051045
_9602369
801 0 _aRU
_bNLR
_c20031209
_gPSBO
942 _cBOOK
980 _aNB